Normal view
MARC view
Entry Topical Term
001 - CONTROL NUMBER
- control field: 21012
003 - CONTROL NUMBER IDENTIFIER
- control field: ARRUPE
005 - DATE AND TIME OF LATEST TRANSACTION
- control field: 20151106123857.0
008 - FIXED-LENGTH DATA ELEMENTS
- fixed length control field: 151106|| aca||aabn | a|a d
040 ## - CATALOGING SOURCE
- Original cataloging agency: ARRUPE
- Transcribing agency: ARRUPE
150 ## - HEADING--TOPICAL TERM
- Topical term or geographic name as entry element: Surrealism
670 ## - SOURCE DATA FOUND
- Source citation: Work cat.: (ARRUPE)0: Raymond, Marcel, 1897-1981 21006, From Baudelaire to surrealism., [1970]